Luxus Szálloda számviteli sajátosságai cost controllinggal karöltve

Bibliographic Details
Main Author: Füles Bálint
Other Authors: Szekeres Dr. Bernadett
Gacsó Barnabás
Format: Thesis
Kulcsszavak:Four Seasons Szálloda
Cost Controlling
Számvitel sajátosságok
Online Access:http://dolgozattar.uni-bge.hu/22528

MARC

LEADER 00000nta a2200000 i 4500
001 dolg22528
005 20190516175614.0
008 190516suuuu hu om 000 hun d
040 |a BGE Dolgozattár Repozitórium  |b hun 
041 |a hu 
100 1 |a Füles Bálint 
245 1 0 |a Luxus Szálloda számviteli sajátosságai cost controllinggal karöltve  |c Füles Bálint  |h [elektronikus dokumentum] 
246 1 1 |a Luxus Szálloda számviteli sajátosságai cost controllinggal karöltve 
695 |a Four Seasons Szálloda 
695 |a Cost Controlling 
695 |a Számvitel sajátosságok 
700 1 |a Szekeres Dr. Bernadett  |e ths 
700 1 |a Gacsó Barnabás  |e ths 
856 4 0 |u http://dolgozattar.uni-bge.hu/22528/1/Szakdolgozat_F%C3%BCles%20B%C3%A1lint.pdf  |z Dokumentum-elérés